| 000 | 01242nam a2200325Ia 4500 | ||
|---|---|---|---|
| 001 | ebr10341824 | ||
| 003 | CaPaEBR | ||
| 006 | m u | ||
| 007 | cr cn||||||||| | ||
| 008 | 090605s2009 iaua sb 001 0 eng d | ||
| 010 | _z 2009023103 | ||
| 020 | _z9780813811840 (alk. paper) | ||
| 020 | _z0813811848 (alk. paper) | ||
| 040 |
_aCaPaEBR _cCaPaEBR |
||
| 035 | _a(OCoLC)646842252 | ||
| 050 | 1 | 4 |
_aRK361 _b.D43 2009eb |
| 082 | 0 | 4 |
_a617.6/32 _222 |
| 100 | 1 | _aDibart, Serge. | |
| 245 | 1 | 0 |
_aPractical periodontal diagnosis and treatment planning _h[electronic resource] / _cSerge Dibart, Thomas Dietrich. |
| 260 |
_aAmes, Iowa : _bWiley-Blackwell, _c2009. |
||
| 300 |
_ax, 176 p. : _bill. |
||
| 504 | _aIncludes bibliographical references and index. | ||
| 533 |
_aElectronic reproduction. _bPalo Alto, Calif. : _cebrary, _d2010. _nAvailable via World Wide Web. _nAccess may be limited to ebrary affiliated libraries. |
||
| 650 | 0 | _aPeriodontal disease. | |
| 650 | 0 | _aPeriodontics. | |
| 655 | 7 |
_aElectronic books. _2local |
|
| 700 | 1 |
_aDietrich, Thomas, _d1969- |
|
| 710 | 2 | _aebrary, Inc. | |
| 856 | 4 | 0 |
_uhttp://site.ebrary.com/lib/rucke/Doc?id=10341824 _zAn electronic book accessible through the World Wide Web; click to view |
| 999 |
_c46300 _d46300 |
||